00401nam a2200121 a 450000100100000000500170001000800410002704000250006810000270009324500630012026000760018330000200025900003347620200930070302.0110830s19uu dr 000 0 spa d aDO-SdBNPbspacBNPHU1 aÁlvarez, Máximo A.10aMensajes y paliques de cometón /cMáximo A. Álvarez. aLa Vega, República Dominicana :bEl Progreso de R. A. Ramos,c[194?]. a26 p. ;c23 cm.